Luật giáo dục năm 2005 được sửa đổi, bổ sung năm 2009

Giới thiệu một số quy định pháp luật về hệ thống giáo dục quốc dân; nhà trường và các cơ sở giáo dục khác, nhà giáo; người học; nhà trường, gia đình và xã hội; quản lí nhà nước về giáo dục; khen thưởng và xử lí vi phạm; những quy...

תיאור מלא

שמור ב:
מידע ביבליוגרפי
Nhiều tác giả của công ty: Việt Nam (Cộng hoà xã hội chủ nghĩa), Quốc hội
פורמט: ספר
שפה:Undetermined
יצא לאור: Hà Nội Chính trị Quốc gia 2013
נושאים:
תגים: הוספת תג
אין תגיות, היה/י הראשונ/ה לתייג את הרשומה!
Thư viện lưu trữ: Trung tâm Học liệu Trường Đại học Cần Thơ
LEADER 01349nam a2200217Ia 4500
001 CTU_188632
008 210402s9999 xx 000 0 und d
020 |c 16000 
082 |a 344.59707 
082 |b V308 
110 |a Việt Nam (Cộng hoà xã hội chủ nghĩa) 
110 |b Quốc hội 
245 0 |a Luật giáo dục năm 2005 được sửa đổi, bổ sung năm 2009 
245 0 |c Việt Nam (Cộng hoà xã hội chủ nghĩa). Quốc hội 
260 |a Hà Nội 
260 |b Chính trị Quốc gia 
260 |c 2013 
520 |a Giới thiệu một số quy định pháp luật về hệ thống giáo dục quốc dân; nhà trường và các cơ sở giáo dục khác, nhà giáo; người học; nhà trường, gia đình và xã hội; quản lí nhà nước về giáo dục; khen thưởng và xử lí vi phạm; những quy định chung cùng các điều khoản thi hành trong Luật Giáo dục năm 2005 được sửa đổi, bổ sung năm 2009 
650 |a Educational law and legislation,Luật giáo dục và các văn bản quy phạm pháp luật 
910 |a Phan Truờng Nhất,Hải 
980 |a Trung tâm Học liệu Trường Đại học Cần Thơ